| 000 | 00821nam a2200205 a 4500 | ||
|---|---|---|---|
| 005 | 20240910064034.0 | ||
| 008 | 030305s2000 mx r 000 0 spa d | ||
| 020 | _a9681651715 | ||
| 035 | _aUPN01000122491 | ||
| 049 | _aCG | ||
| 050 | 4 |
_aJF1355 _bH4.28 |
|
| 100 | 1 | _aHeady, Ferrel | |
| 245 | 1 | 0 |
_aAdministración pública : _buna perspectiva comparada / _cFerrel Heady ; estudio introd. de Víctor Alarcón Olguín ; tr. Roberto Reyes Mazzoni. |
| 260 |
_aMéxico : _bColegio Nacional de Ciencias Políticas y Administración Pública : _bFCE, _c2000. |
||
| 300 | _a541 p. | ||
| 440 | 0 |
_aSección de obras de administración pública. _pNuevas lecturas de política y gobierno |
|
| 534 |
_pTraducción de: _tPublic administration: a comparative perspective |
||
| 650 | 4 |
_aAdministración pública _9637 |
|
| 905 | _aLibro | ||
| 999 |
_c94679 _d94679 |
||